00806nam a2200241 a 450000100060000000300080000600500170001400800410003102000120007203500190008404000270010304100080013008200300013810000280016824500870019626001040028330000240038750000260041150000200043750400320045765000300048965100450051958731BD-RjUL20211209080643.0196121s1984 ii b 001 0 eng  cRs85.00 a(BD-RjUL)58855 aDLCcDLCdBD-RjULbeng aeng00a324.9541403223bCHB 19841 aChattopadhyaya, Gautam.10aBengal electoral politics and freedom struggle, 1862-1947 /cGautam Chattopadhyay. aNew Delhi :bIndian Council of Historical Research :bSole distributor, People's Pub. House,c1984. ax, 311 p. ;c23 cm. aMap on lining papers. aIncludes index. aBibliography: p. [297]-302. 0aElectionszIndiazBengal. 0aBengal (India)xPolitics and government.